| 000 | 00430 a2200157 4500 | ||
|---|---|---|---|
| 001 | 60045 | ||
| 020 | _a | ||
| 040 | _cAnchieta - Pituba | ||
| 100 | _aLévi-Strauss, Claude | ||
| 240 | 1 | 0 |
_aA noção de estrutura em etnologia; Raça e história; Totemismo hoje _lpor |
| 245 | 1 | 0 | _aA noção de estrutura em etnologia; Raça e história; Totemismo hoje |
| 300 | _a181 | ||
| 362 | 0 | _a1980 | |
| 650 | 4 | _aBioquímica | |
| 942 | _cBK | ||
| 999 |
_c60045 _d60045 |
||